000 01260nam a2200241Ia 4500
999 _c36773
_d36773
001 2712
003 GE_BSU
005 20190604155301.0
008 181216s2012||||ge |||||||||||||| ||geo||
040 _cGE_BSU
041 _ageo
080 _a821.353.1-311.6 გ–62
100 _aგოთუა, ლევან
_92050
245 _aგმირთა ვარამი :
_bტეტრალოგია : 8 ტომად. ტ. 3. წ. 2, ნაწ. 2 /
_cლ. გოთუა; სარედ. ჯგ.: ზურაბ აბაშიძე, ირმა ხარშილაძე; მხატვ. ლევან კვარაცხელია.
264 _aთბილისი :
_bპალიტრა L,
_c2012.
300 _a368 გვ.;
_b20 სმ.
490 _aყველა დროის საუკეთესო ისტორიული რომანი
653 _aისტორიული რომანი
700 _aაბაშიძე, ზურაბ
_eრედაქტორი
_91322
700 _aხარშილაძე, ირმა
_eრედაქტორი
_91324
700 _a კვარაცხელია, ლევან
_eმხატვარი
_92051
942 _cBK
_2udc